000 00560nam a2200205 a 4500
001 BRCA_6654
005 20190320205537.0
008 111011s19211908enk#######---#000-0#eng-#
041 _aeng
044 _aenk
050 4 _aPZ3
_b.P64Ed 1921
100 1 _aPoe, Edgar Allan
_d1809-1849
_916660
245 1 0 _aEdgar Allan Poe´s tales of mystery and imagination
_cEdgar Allan Poe.
260 _aLondres
_bJ. M. Dent
_c1921, c1908
300 _a518 p.
_c17 cm.
500 _aL161
650 1 4 _aLiteratura estadounidense
_916661
902 _aGFM
942 _2lcc
_cB
999 _c6338
_d6338